000 01247cam a2200373 a 4500
999 _c28458
_d28429
001 16577108
003 EG-ScBUE
005 20200805134351.0
008 101213s2010 enka f d 001 0 eng d
020 _a9780414042131
040 _aDLC
_beng
_erda
_cDLC
_dEG-ScBUE
043 _ae-uk---
082 0 4 _a343.41099
_bMED
_222
245 0 0 _aMedia law /
_cby Peter Carey [and three others]
250 _aFifth edition.
264 1 _aLondon :
_bSweet & Maxwell :
_bThomson Reuters,
_c2010.
300 _axxxvi, 395 pages :
_billustrations ;
_c22 cm
336 _2rdacontent
_atext
_btxt
337 _2rdamedia
_aunmediated
_bn
338 _2rdacarrier
_avolume
_bnc
500 _aIncludes index.
500 _aIncludes appendices.
500 _aIncludes glossary.
650 7 _aMass media
_xLaw and legislation
_zGreat Britain.
_2BUEsh
653 _bCOMAME
_cJuly2020
655 _vReading book
_934232
700 1 _aArmstrong, Nick,
_eauthor.
700 1 _aLamont, Duncan,
_eauthor.
700 1 _aQuartermaine, James,
_eauthor.
700 1 _aCarey, Peter,
_cLL. M.,
_eauthor.
906 _a7
_bcbc
_corigcop
_d2
_encip
_f20
_gy-gencatlg
942 _2ddc
_cBB